[Event "Las Palmas3"]
[Site "Las Palmas"]
[Date "1993.??.??"]
[Round "7"]
[White "Dao, Thien Hai"]
[Black "Smirin, Ilia"]
[Result "1/2-1/2"]
[WhiteElo "2565"]
[BlackElo "2640"]
[Annotator "Stohl,I"]
[PlyCount "97"]
[EventDate "1993.12.??"]
[EventType "tourn"]
[EventRounds "9"]
[EventCountry "ESP"]
[EventCategory "13"]
[SourceTitle "CBM 040"]
[Source "ChessBase"]
[SourceDate "1994.06.01"]
[SourceVersion "1"]
[SourceVersionDate "1994.06.01"]
[SourceQuality "1"]

1. d4 Nf6 2. c4 g6 3. Nc3 Bg7 4. e4 d6 5. f3 O-O 6. Bg5 c5 7. d5 e6 (7... h6 8.
Be3 e6 9. Qd2 exd5 10. cxd5 h5 11. Nge2 Nbd7 12. Nc1 Nh7 13. Be2 Ne5 14. Nb3 f5
15. O-O a6 16. Kh1 b5 17. exf5 Bxf5 18. a4 Nc4 19. Bxc4 bxc4 20. Nc1 Rb8 21. a5
Qf6 $13 {Dao Thien Hai-Schaefer,Ma/Muenster/1993/}) 8. Nge2 h6 9. Be3 exd5 10.
cxd5 Nbd7 (10... a6 11. a4 Nbd7 12. Qd2 Ne5 13. Ng3 h5 14. Be2 h4 15. Nf1 Rb8
16. Qc2 b5 $5 17. Nd2 b4 18. Nd1 Nh5 19. f4 Ng4 20. Bxg4 Bxg4 21. Nf2 Bc8 22.
O-O a5 $13 {Dao Thien Hai-Van Wely,L/Las Palmas/1993/}) (10... h5 $5 11. Nf4
Nbd7 12. Be2 a6 13. a4 Ne5 14. O-O Bd7 15. Qd2 Rb8 16. a5 Ne8 17. Na4 Bxa4 18.
Rxa4 Nc7 19. Nd3 (19. b4 $142 $5) 19... Nd7 20. Rc4 b5 21. axb6 Nxb6 22. Rcc1
Nb5 $132 {Sokolov,I-Smirin,I/Elenite/1993/}) 11. Ng3 (11. Qd2 h5 (11... Nh7 $5
12. Nf4 Ne5 13. Be2 Qh4+ 14. Bf2 Qf6 15. O-O h5 16. Kh1 h4 17. Be3 Bd7 18. a4
a6 19. a5 Qd8 20. Na4 Bb5 21. Nb6 Rb8 $132 {Rajkovic,D-Atalik,S/Heraklio op/
1993/}) 12. Nf4 Ne5 13. Be2 a6 14. a4 b6 $5 15. O-O Bd7 16. Nh3 c4 $6 (16...
Bxh3 $13) 17. f4 Neg4 18. Bd4 b5 19. e5 dxe5 20. fxe5 $36 {Varga,Z-Petursson,M/
Andorra/1991/}) 11... h5 12. Be2 a6 13. a4 h4 14. Nf1 Re8 (14... Nh7 15. Nd2
Bd4 16. Nc4 Bxe3 17. Nxe3 Qg5 18. Qd2 Ndf6 19. a5 Rb8 20. Nc4 $1 Qxg2 21. O-O-O
$44 {Psakhis,L-Ehlvest,J/Sverdlovsk/1984/}) (14... Ne5 $5 $13) (14... Nh7 15.
g4 $6 f5 16. gxf5 gxf5 17. exf5 Rxf5 18. Rg1 Kh8 19. Qc2 Qf8 20. f4 Ndf6 21.
Bd3 Nh5 $1 $36 {Sokolov,I-Georgiev,Ki/Elenite/1993/}) 15. Nd2 Nh5 16. Nc4 (16.
f4 Bxc3 $1 17. bxc3 Nhf6 $17 {/\Ne4,Nd5}) 16... Ne5 17. Qd2 (17. O-O Nxc4 18.
Bxc4 f5 19. Qd2 {-17.Qd2}) 17... Nxc4 18. Bxc4 f5 $132 19. O-O (19. Bg5 Bf6 20.
Bxf6 Qxf6 $15) 19... Bd7 20. Rae1 Qf6 21. exf5 (21. Bg5 $6 Qd4+ $36) 21... gxf5
(21... Bxf5 $6 22. Re2 $14 {/\Rfe1,Bd3,Ne4}) 22. Bg5 $6 (22. Re2 $13) 22...
Qd4+ 23. Qxd4 cxd4 24. Na2 h3 $5 (24... Bxa4 25. Bxh4 Nf4 $13 {/\b5}) 25. a5 $5
hxg2 26. Kxg2 Be5 (26... f4 27. Nc1 Be5 28. Nd3 $13) 27. f4 Bg7 28. Re7 $6 (28.
Nb4 $142 $15) 28... Rxe7 29. Bxe7 Nf6 30. Rc1 (30. Bxd6 Ng4 31. Rc1 Ne3+ $36)
30... Ne4 31. Bf1 (31. Nb4 Kf7 32. Bh4 Rg8 $40) 31... Re8 (31... Kf7 $5 32. Bg5
$5 $13) 32. Bh4 Nd2 33. Bd3 (33. Rc7 $2 Nxf1 34. Rxd7 Ne3+ 35. Kf3 d3 $19)
33... Nb3 34. Re1 (34. Rc7 Nc5 $17) 34... Rc8 $5 (34... Nc5 35. Rxe8+ Bxe8 36.
Bxf5 (36. Nb4 Nxd3 37. Nxd3 Bb5 $17) 36... d3 37. Be1 $8 Bxb2 38. Nb4 Bb5 39.
Kf3 $15) 35. Nb4 Nc5 36. Bb1 Ne4 $1 37. Bf2 (37. Bxe4 fxe4 38. Rxe4 Bf5 $36 {
/\d3}) 37... Rc4 38. Nd3 Bb5 39. Nc1 (39. Rc1 Rxc1 40. Nxc1 Bc4 $17) 39... Rb4
(39... Nxf2 40. Kxf2 Rb4 41. Nd3 Rb3 42. Rd1 $15) 40. b3 Kf7 $2 (40... d3 $1
41. Bxd3 Bxd3 42. Nxd3 Rxb3 $17 {><a5,d5,f4}) 41. Rxe4 $1 d3 $5 (41... fxe4 42.
Be1 $18) 42. Re1 $8 (42. Rxb4 $2 d2 $19) 42... d2 43. Rd1 dxc1=Q 44. Rxc1 Rxf4
(44... Rxb3 45. Bxf5 $16) 45. Rc7+ Kg6 46. Rxb7 Rb4 47. Bxf5+ (47. Bc2 $2 Bf1+
$17) 47... Kxf5 48. Rxg7 Rxb3 $44 49. Bg3 (49. Bg3 Bc4 50. Bxd6 Bxd5+ $10)
1/2-1/2

[Event "Interzonal-12b"]
[Site "Toluca de Lerdo"]
[Date "1982.08.25"]
[Round "11"]
[White "Spassky, Boris Vasilievich"]
[Black "Nunn, John DM"]
[Result "1/2-1/2"]
[WhiteElo "2625"]
[BlackElo "2590"]
[Annotator "Stohl,I"]
[PlyCount "56"]
[EventDate "1982.08.11"]
[EventType "tourn"]
[EventRounds "13"]
[EventCountry "MEX"]
[EventCategory "12"]
[SourceTitle "IZT"]
[Source "ChessBase"]
[SourceDate "1999.07.01"]
[SourceVersion "1"]
[SourceVersionDate "1999.07.01"]
[SourceQuality "1"]

1. d4 Nf6 2. c4 c5 3. d5 e6 4. Nc3 exd5 5. cxd5 d6 6. e4 g6 7. f3 Bg7 8. Bg5
O-O 9. Qd2 a6 10. a4 Nbd7 11. Nh3 Qa5 12. Ra3 c4 13. Nf2 Qc7 14. Be2 Rb8 15. a5
(15. O-O $5 b5 16. axb5 axb5 17. b4 $14) 15... b5 16. axb6 Nxb6 17. Bh6 (17.
O-O Nfd7 18. Bh6 Bxh6 19. Qxh6 Nc5 $132 {Seirawan,Y-Nunn,J/Hamburg/1982/})
17... Bxh6 18. Qxh6 Qc5 $6 (18... Nbd7 $142 $132) 19. O-O Re8 20. Rd1 Nfd7 21.
f4 $6 (21. Qd2 $142 $1 $14 {/\Qd4}) 21... Nf6 $1 $132 22. Kf1 Nbd7 23. Ra2 Qe3
24. Qh4 Kg7 25. Qg3 Qxg3 26. hxg3 Nc5 27. Rd4 Nb3 $10 28. Rd1 (28. Rxc4 $2 Nd2+
) 28... Nc5 (28... Nc5 29. Rd4 $10 (29. Bf3 h5 $15 {/\Rb4})) 1/2-1/2

[Event "Lost Boys 5th"]
[Site "Antwerp"]
[Date "1997.??.??"]
[Round "4"]
[White "Novikov, Igor A"]
[Black "Van Wely, Loek"]
[Result "1/2-1/2"]
[WhiteElo "2590"]
[BlackElo "2655"]
[Annotator "Stohl,I"]
[PlyCount "54"]
[EventDate "1997.08.01"]
[EventType "tourn"]
[EventRounds "7"]
[EventCountry "BEL"]
[EventCategory "15"]
[SourceTitle "CBM 061"]
[Source "ChessBase"]
[SourceDate "1997.11.23"]
[SourceVersion "1"]
[SourceVersionDate "1997.11.23"]
[SourceQuality "1"]

1. d4 Nf6 2. c4 g6 3. Nc3 Bg7 4. e4 d6 5. f3 O-O 6. Bg5 c5 7. d5 e6 8. Qd2 exd5
9. cxd5 a6 10. a4 h6 11. Bxh6 $5 {Some time ago this move was considered
impossible because of the following tactical sequence. But someone with an
inquisitive mind looked more deeply and currently Black must play accurately
to achieve equality after the pawn sacrifice.} ({Less principled is} 11. Bf4
Nh7 (11... Nh5 12. Be3 Qh4+ 13. Bf2 Qg5 14. Nge2 Qxd2+ 15. Kxd2 Nd7 16. g4 Nhf6
17. Bg3 Ne8 18. Nf4 Ne5 19. Be2 Bd7 20. Kc2 Nc7 21. Nd3 Rfe8 22. Bf4 Kh7 23. h4
Nxd3 24. Bxd3 Be5 25. Bxe5 Rxe5 26. f4 Ree8 27. h5 $40 {Klauser,M-Raeber,M/
SUI-chT/1996/}) 12. h4 h5 13. g3 Qe7 14. Bg2 Nd7 15. Bh6 Ne5 16. Bxg7 Kxg7 17.
Nge2 Bd7 18. O-O b5 19. f4 Ng4 20. e5 Rac8 21. axb5 axb5 22. Ra7 dxe5 23. d6
Qe6 24. Bd5 Qxd6 25. Ne4 Qe7 26. f5 b4 27. Bc4 Rcd8 28. fxg6 fxg6 29. Rd1 $44 {
Martynov,P-Kotsur,P/URS-chT Azov/1991/}) (11. Be3 Nh7 12. Nge2 Nd7 13. Ng3 h5
14. Be2 h4 15. Nf1 Re8 16. Ra3 Rb8 17. Qc2 Ne5 18. Nd2 f5 19. f4 Nf7 20. O-O
fxe4 21. a5 Nh6 22. Ncxe4 Nf5 23. Bf2 Nd4 $36 {Akhsharumova-Cvitan/NY op/1987/}
) 11... Nxe4 12. Nxe4 Qh4+ 13. g3 Qxh6 14. Qxh6 Bxh6 15. Nxd6 Nd7 (15... Rd8
16. Nxc8 Rxc8 17. f4 Nd7 18. O-O-O {1/2,Gallagher,J-Gheorghiu,F/Geneva op/1995/
} (18. a5 $5 $14)) 16. Bh3 (16. f4 Bg7 17. O-O-O Nf6 18. Nxc8 Raxc8 19. Bg2
Rfd8 20. Rd2 b5 21. axb5 axb5 22. Ne2 Ng4 23. Nc3 b4 24. Nb1 Ne3 25. Bf3 Bd4
$40 {Djuric,V-Jovanovic,S/JUG-chTW/1997/}) (16. a5 $142 $5 Nf6 17. Bc4 Rd8 18.
Nxc8 Raxc8 19. Rd1 Rd6 20. Ne2 Rcd8 21. Nc3 Be3 22. Rd3 Bd4 23. Kd2 Bxc3+ (
23... Nd7 24. Ne4 Ne5 25. Nxd6 Rxd6 26. Rxd4 cxd4 27. b3 Nxf3+ 28. Kd3 f5 29.
h4 $18 {[%csl Rd4] ><d4,Ionescu,C-Baron,J/Manresa op/1995/}) 24. Kxc3 Nxd5+ 25.
Bxd5 Rxd5 26. Rhd1 $1 $16) 16... f5 17. f4 Nb6 18. Nf3 (18. Bg2 Rd8 19. Nxc8
Raxc8 $11) 18... Bg7 $5 $146 {[%csl Ra4,Rd5] ><a4,d5 A new move. Black
refrains from taking the pawn back immediately and activates his B first.} (
18... Nxd5 19. Ne5 g5 20. Rd1 Ne3 21. Rd3 Nc2+ 22. Kf2 Nb4 23. Rdd1 Be6 24.
Nxb7 Bd5 25. Bg2 Bxg2 26. Kxg2 gxf4 27. Rd6 Bg7 28. gxf4 Rfe8 29. Nxc5 Bxe5 30.
fxe5 Rxe5 $44 {Kelecevic,N-Arbakov,V/Bad Ragaz/1994/}) 19. Ne5 (19. O-O-O Nxa4
$5 (19... Rd8 20. Nxc8 Raxc8 21. Ne5 Bxe5 22. fxe5 Rxd5 23. Rxd5 Nxd5 24. Bg2
Nb4 25. Rd1 $14) 20. Ne5 g5 $13) 19... Bxe5 (19... Nxd5 20. O-O-O Bxe5 21. fxe5
(21. Rxd5 Bd4 22. Nxc8 Raxc8 $11) 21... Be6 {-19...Be5}) 20. fxe5 Nxd5 21.
O-O-O Be6 22. Rhe1 (22. Nxb7 Rab8 23. Nd6 (23. Nxc5 $2 Rfc8 $19) 23... Rb4 $44)
22... Nb4 23. Nxb7 (23. Bg2 $5 f4 24. Bxb7 Rab8 $132) 23... Rab8 24. Bg2 (24.
Nd6 Na2+ $17) (24. Na5 c4 (24... Na2+ 25. Kc2 Nb4+ 26. Kb1 $14) 25. Bf1 Rfc8
$44) 24... f4 $44 25. Be4 $5 (25. gxf4 $6 Rxf4 $36 {[%cal Rf4f2,Rf4c4] /\Rc4,
Rf2}) (25. Rd6 $2 f3 26. Bf1 Bd5 $17) 25... f3 26. Rf1 f2 27. Rd6 Bc4 (27...
Bc4 28. Rxg6+ Kh8 29. Rh6+ Kg7 30. Rg6+ Kh8 $11) 1/2-1/2

[Event "EU-ch 17th"]
[Site "Gjakova"]
[Date "2016.05.16"]
[Round "5"]
[White "Sanikidze, Tornike"]
[Black "Volokitin, Andrei"]
[Result "1/2-1/2"]
[WhiteElo "2537"]
[BlackElo "2642"]
[Annotator "Volokitin,A"]
[PlyCount "82"]
[EventDate "2016.05.12"]
[EventType "swiss"]
[EventRounds "11"]
[EventCountry "KOS"]
[SourceTitle "CBM 173"]
[Source "ChessBase"]
[SourceDate "2016.07.12"]
[SourceVersion "1"]
[SourceVersionDate "2016.07.12"]
[SourceQuality "1"]

1. d4 Nf6 2. c4 g6 3. f3 e6 ({Normalerweise spiele ich hier} 3... d5 {, aber
in dieser Partie wollte ich eine andere Variante spielen.}) 4. e4 c5 5. d5 d6 {
So haben wir eine Königsindisch-Struktur, wie in der Sämisch-Variante.} 6. Nc3
({Ein anderer Plan ist} 6. Ne2 Bg7 7. Nec3) 6... Bg7 7. Nge2 O-O 8. Ng3 exd5 9.
cxd5 Na6 $6 {Die alte Empfehlung von V. Ivanchuk von 2001! Nach dieser Partie
gefällt sie mir nicht mehr. Der Springer steht auf c7 falsch und passiv.} ({
Besser ist das typische} 9... a6 10. a4 h5 {und dann ...Nbd7, ...Ne5.}) 10. Be2
Nc7 11. O-O a6 12. a4 Bd7 13. Bg5 {Ein interessanter Zug.} ({Die alte Idee von
V. Ivanchuk was, wenn Weiß jetzt} 13. a5 $6 {spielt, dann} Nb5 $1 $132) ({Nach
} 13. Bf4 {folgt} Nfe8 {mit der Idee ...b5.}) ({Die Frage besteht: was würde
Schwarz nach} 13. f4 $1 {machen?} {Wenn} b5 (13... Rc8 14. e5 $1 Nfe8 15. Nce4
$1 dxe5 16. f5 gxf5 17. Rxf5 Bxf5 18. Nxf5 $36) (13... h5 14. e5 $1 Nfe8 15.
Be3 $36) {dann} 14. e5 $1 Nfe8 15. Be3 $36 {Während der Partie konnte ich
diese Frage nicht beantworten.}) 13... h6 ({Nach} 13... b5 {kann Weiß seine
Stellung einfach verstärken:} 14. Qd2 $14 ({Oder scharf spielen:} 14. f4 b4 15.
Nb1 $14)) 14. Be3 ({Etwas besser steht Weiß nach} 14. Bf4 Nfe8 15. Qd2 h5 16.
Nh1 $5 $14) 14... b5 15. e5 $2 {Zu früh, Weiß musste einfach spielen:} (15. Qd2
$1 b4 16. Nd1 h5 (16... Kh7 17. Nf2 $16) 17. Bg5 Qe8 18. Ne3 $36) 15... Qe8 $1
{Jetzt hat Schwarz genügend Gegenspiel.} 16. f4 dxe5 $1 17. f5 ({Nach} 17. d6
exf4 18. Bxf4 Ne6 19. Be5 Nh7 20. Bxg7 Kxg7 21. axb5 axb5 22. Rxa8 Qxa8 23.
Bxb5 Bxb5 24. Nxb5 $11 {ist die Stellung ausgeglichen.}) 17... b4 $1 18. Nce4
Nxe4 19. Nxe4 Bxf5 20. Nd6 Qd7 21. Bxc5 Rfd8 {Nach der forcierten Variante hat
Schwarz keine Probleme. Und mein Gegner war schon in Zeitnot.} 22. Bxb4 ({
Stärker war} 22. Rc1 Bf8 23. Nxf5 Bxc5+ 24. Rxc5 gxf5 25. d6 Ne6 26. Rxe5 Qxd6
27. Qxd6 Rxd6 28. Rexf5 Nd4 29. R5f2 Nxe2+ 30. Rxe2 {mit Remis.}) 22... Rab8
23. Ba3 Bf8 24. Nxf5 gxf5 25. Bxf8 Kxf8 26. Qd3 $2 {Fehler im Zeitnot.} ({
Der stärkste Zug war} 26. Bc4 $1 {mit der Idee Qh5.} f4 $1 (26... Nxd5 $2 27.
Qh5 $40) 27. Qh5 f6 28. Qxh6+ Qg7 29. Qxg7+ Kxg7 30. Rad1 Rd6 {mit genügender
Kompensation.}) 26... f4 $2 ({Ich habe hier sehr schnell diesee Variante
berechnet:} 26... Nxd5 $1 $17 27. Qxf5 Nf4 28. Qxe5 {, aber hier übersah ich}
Qd4+ $1 29. Qxd4 Nxe2+ $19) 27. Qh7 Qd6 28. Bh5 ({Ruhiger war} 28. Bc4 Rxb2 29.
Rxf4 $1 exf4 30. Qh8+ Ke7 31. Qxb2 Qc5+ 32. Kh1 Qxc4 33. Qe5+ Kd7 34. Qf5+ Kd6
35. Qf6+ $11) 28... Qf6 29. Bxf7 $1 Qg7 $1 30. Qxg7+ ({Schlecht ist} 30. Qf5 $2
Qxf7 31. Qxe5 Nxd5 32. Qh8+ Qg8 33. Qxh6+ Qg7 $19) 30... Kxg7 $15 31. Rac1 Nxd5
32. Bxd5 Rxd5 {Schwarz steht etwas besser, aber objektiv ist die Stellung
remis. Mein Gegner spielte mit 30 Sekunden pro Zug, aber doch stark!} 33. Rc7+
Kg6 34. Rc6+ Kg5 35. Rxa6 Rxb2 36. h4+ {Nicht obligatorisch.} ({Weiß kann
einfach} 36. Re6 {spielen:} Ra2 37. g3 {und die Partie muss Remis enden.})
36... Kh5 37. Re1 $1 {Der einzige Zug!} e4 $5 {Ich versuchte in Zeitnot meines
Gegners eine Falle zu stellen.} ({Nach} 37... Ra2 38. Re6 Kxh4 39. Rxh6+ Kg4
40. Rh8 Rxa4 41. Rg8+ Kf5 42. g3 {wird die Partie sowieso Remis enden.}) 38.
Rxe4 f3 39. Kh2 $8 fxg2 ({Ich hätte noch eine letzte Falle stellen sollen:} 
39... Rf5 $1 40. Kh3 $1 {Der einzige Zug!} (40. Ree6 $4 f2 $19) 40... fxg2 41.
Kh2 $11) 40. Rae6 $11 g1=Q+ 41. Kxg1 Rd1+ 1/2-1/2

[Event "Moscow FIDE GP"]
[Site "Moscow"]
[Date "2019.05.21"]
[Round "2.4"]
[White "Wojtaszek, Radoslaw"]
[Black "Svidler, Peter"]
[Result "1-0"]
[WhiteElo "2724"]
[BlackElo "2739"]
[Annotator "Wojtaszek,R"]
[PlyCount "83"]
[EventDate "2019.05.17"]
[EventType "k.o."]
[EventRounds "4"]
[EventCountry "RUS"]
[SourceTitle "CBM 190"]
[Source "ChessBase"]
[SourceDate "2019.06.30"]
[SourceVersion "1"]
[SourceVersionDate "2019.06.30"]
[SourceQuality "1"]

{In the first game we made a considerably short draw, so I had a bit more time
to prepare for the Grunfeld which was more or least given against Peter.} 1. d4
Nf6 2. c4 g6 3. f3 {Against Mamedyarov I've played the calmer system with Bf4.
This time I wanted to get a bit more complicated position, so 3.f3 felt like a
decent choice.} e6 4. e4 c5 5. d5 d6 6. Nc3 Bg7 7. Nge2 O-O 8. Ng3 exd5 (8...
a6 9. a4 h5 10. Bg5 Qc7 {Obviously it's not the most critical system, but
wanted to point out a beautiful idea:} 11. Qd2 exd5 12. cxd5 Nh7 13. Bh6 h4 14.
Bxg7 Kxg7 {and now} 15. Bc4 $3 {was played in the beautiful game Aronian-MVL
2017 which I can recommend to the readers.}) 9. cxd5 a6 10. a4 h5 11. Bg5 Qe8 {
I must confess that I didn't expect this line from Peter, so I only barely
remembered my file. The good thing was that Peter was spending quite a lot of
time for the next moves, so I was able to figure out some important details of
my old preparation.} 12. Bd3 Nh7 ({An alternative was} 12... Nbd7 $5 13. f4 (
13. O-O {would be too soft:} Nh7 14. Be3 (14. Bf4 $2 Ne5 $1 {explains the idea
of 12...Nd7}) 14... Ne5 15. Be2 h4 16. Nh1 f5 $13) 13... Ng4 14. h3 c4 $1 {
leads to a big mess and was already played in the game Matlakov-Adhiban, rapid
2017.}) 13. Bf4 Qe7 14. Nge2 (14. O-O Nd7 {would lead to the same as White
doesn't really have any other ideas than improving the knight from g3.}) 14...
Nd7 15. O-O Ne5 16. Bc2 {I considered this position to be a bit more pleasant
for White as it's not that simple for Black to find a good plan, while White
can simply improve the position with moves like a5 or h3 followed by Bc1 and
f4.} Rb8 (16... Bd7 17. a5 Rae8 {looked also logical to play on the kingside
but White is also prepared for that.} 18. h3 f5 {is something I considered
during the game but now White has a strong idea:} (18... h4 {allows another
positional idea:} 19. Ba4 $1) 19. Bc1 $1 {[%cal Ge2f4]}) 17. a5 b5 18. axb6
Rxb6 19. Bc1 h4 {here I had my first long thought, mainly choosing between 20.
h3 or 20.f4. After all I decided that} 20. f4 {is more forcing} (20. h3 $5 g5
$5 {was bothering me as the position after} 21. f4 gxf4 22. Nxf4 Bh6 {during
the game felt rather unclear even though engines are claiming White is much
better.}) 20... Ng4 21. h3 Ngf6 22. Ra2 Bd7 $13 {here I spent quite a lot of
time trying to figure out what is exactly my plan and I decided to attack f4
pawn.} 23. Qe1 (23. e5 dxe5 24. f5 {A typical idea in this kind of positions,
but here Black shouldn't be afraid of this.} gxf5 (24... g5 $5 25. Ne4 Nxe4 26.
Bxe4 Rb4 27. Nc3 Qd6 {would be also highly unclear}) 25. Bxf5 Bxf5 26. Rxf5 Qd6
{[%cal Gf8d8,Gf6d5]}) 23... Nh5 24. Be3 Rfb8 25. b3 Rxb3 $1 {A very strong,
practical decision. Instead of being slightly worse, Peter changes the
character of the position, and now all 3 results are possible.} (25... Qd8 {
is the computer's second choice which shows how unpleasant Black's position
was if this sacrifice wouldn't be available.}) 26. Bxb3 Rxb3 27. Bd2 $5 {
Maybe not the best move but the practical one. We were approaching time
trouble so I wanted to keep some control.} (27. e5 dxe5 28. fxe5 Qxe5 29. Qf2
Bf5 {must be fine for black}) (27. Rxa6 Ng3 $1 {and white cannot keep control
any longer.} 28. Nxg3 Bxc3 29. Ra8+ Kg7 30. Qd1 Rb4 31. Qc2 Bd4 32. Bxd4+ Rxd4
33. Ne2 Rxe4 $44) (27. Rf3 $5 Bb5 28. Bf2 Bxe2 29. Nxe2 $1 Rb4 $1 30. e5 dxe5
31. Rc2 {and according to an engine white is better but for me it looks
nothing more than unclear.}) 27... Bd4+ $6 {Funnily this is the move we both
thought it's a decisive mistake. Not the best one but not the losing one
either.} (27... Bb5 $1 {is the only move which I expected during the game.} 28.
Nxb5 axb5 29. e5 $1 dxe5 30. Ra8+ Nf8 31. f5 {and I thought that White has a
huge initiative which is only partly true because after} gxf5 $1 32. Rxf5 Ng3
33. Nxg3 hxg3 $1 {Black is also having some counterplay:} 34. Rg5 Qb7 $8 35.
Re8 Qxd5 36. Rexe5 Qd4+ 37. Re3 (37. Be3 Qxe5 $3 38. Rxe5 Bxe5 39. Bxc5 Ne6 {
and it's even White who should be careful.}) 37... Ne6 38. Rg4 Rxe3 39. Bxe3
Qe5 40. Qxg3 Qxg3 41. Rxg3 Kh7 $44 (41... c4 $2 42. Bh6)) (27... Bc8 $5 {
simply protecting the pawn was also interesting. It's not easy to understand
but Black has a decent positional compensation, so it's not necessary to force
things.} 28. Qd1 Rb4 $44) 28. Kh2 N7f6 $4 {Only this loses. First of all the
a6 pawn is lost and also now the bishop on d4 is rather stuck doing nothing.} (
28... Rb6 $1 29. Qa1 (29. Nxd4 cxd4 30. Ne2 Bb5 $44 {[%csl Ge4]}) 29... Ng3 $1
30. Rb1 $1 (30. Nxg3 $2 hxg3+ 31. Kxg3 Bb5 32. Re1 Nf6 $17) 30... Rxb1 31. Qxb1
Nf6 32. Rxa6 Nfxe4 33. Nxe4 Qxe4 34. Qxe4 Nxe4 35. Be1 $14 {Practically
speaking it's closer to a draw than anything else.}) 29. Rf3 Rb4 30. Rxa6 $18 {
The rest normally would be easy but given that we were short of time and the
stake was quite high it was neccessary not to allow many tricks.} Rc4 31. Ra7
Qd8 32. Qa1 $1 Nxe4 33. Ra8 (33. Rxd7 Qxd7 34. Qa8+ Kg7 35. Nxe4 {was also
winning but as usual in such situations one should just calculate one way and
play it.}) 33... Bc8 34. Qa6 $1 Nxd2 (34... Bxa6 35. Rxd8+ Kg7 36. Nxe4 $18)
35. Rxc8 Nxf3+ 36. gxf3 Qxc8 37. Qxc8+ Kg7 38. Nxd4 Rxd4 (38... Rxc3 39. Nb5
Rc2+ 40. Kg1 {is also hopeless.}) 39. Qd8 Rd2+ 40. Kg1 Nxf4 41. Qxd6 Nxh3+ 42.
Kf1 {and Peter resigned. I considered it be quite a good game, especially
since it gave me a qualification to the semi-finals.} 1-0